00386nam a2200109Ia 4500008004100000020001800041100002000059245008000079260003900159650002800198856005000226171212s9999 xx 000 0 und d a9781925261462 aHill, Robert S. cHill, Robert S.aHistory of the Australian VegetationbCretaceous to Recent bUniversity of Adelaide Pressc1994 aBotany & Plant Sciences uhttp://jstor.org/stable/10.20851/j.ctt1sq5wrv